[Event "Kahramanmaras op 9th"]
[Site "Kahramanmaras"]
[Date "2018.04.03"]
[Round "1"]
[White "Ozturk, Yavuz"]
[Black "Aliyev, Elnur Fakhraddin Og"]
[Result "0-1"]
[WhiteElo "1715"]
[BlackElo "2200"]
[PlyCount "88"]
[EventDate "2018.04.03"]
[EventType "swiss"]
[EventRounds "9"]
[EventCountry "TUR"]
[SourceTitle "CBM 183 Extra"]
[Source "ChessBase"]
[SourceDate "2018.04.19"]
[SourceVersion "1"]
[SourceVersionDate "2018.04.19"]
[SourceQuality "1"]

1. e4 c5 2. Nf3 Nc6 3. d4 cxd4 4. Nxd4 g6 5. Be3 Bg7 6. Nc3 Nf6 7. Bc4 0-0 8. 0-0 Nxe4 9. Nxe4 d5 10. Nxc6 bxc6 11. Bd3 dxe4 12. Bxe4 Qc7 13. c3 Rb8 14. Qc2 f5 15. Bd3 c5 16. Bc4+ Kh8 17. f4 e5 18. Qf2 Bb7 19. Rad1 Be4 20. Rd2 Rfd8 21. Rfd1 Rxd2 22. Rxd2 Bh6 23. fxe5 Bxe3 24. Qxe3 Qxe5 25. Rd5 Qf6 26. Rxc5 Rd8 27. Be2 Qh4 28. Qg3 Qxg3 29. hxg3 Rd2 30. Bf3 Rxb2 31. Rc8+ Kg7 32. Rc7+ Kf6 33. Rxa7 h5 34. a4 Rc2 35. Rc7 Ra2 36. Rc4 Ke5 37. Rb4 g5 38. Rb5+ Kf6 39. a5 Bd3 40. Rc5 g4 41. Bb7 h4 42. gxh4 g3 43. Rc6+ Kg7 44. Rc7+ Kh6 0-1

[Event "Enez op"]
[Site "Enez"]
[Date "2018.??.??"]
[Round "7"]
[White "Aliyev, Elnur Fakhraddin Og"]
[Black "Mirzoev, Emil"]
[Result "1/2-1/2"]
[WhiteElo "2200"]
[BlackElo "2398"]
[PlyCount "40"]
[EventDate "2018.09.15"]
[EventType "swiss"]
[EventRounds "9"]
[EventCountry "TUR"]
[SourceTitle "EXT 2019"]
[Source "ChessBase"]
[SourceDate "2018.10.10"]
[SourceVersion "1"]
[SourceVersionDate "2018.10.10"]
[SourceQuality "1"]

1. Nf3 g6 2. g3 Bg7 3. Bg2 e5 4. 0-0 d5 5. c4 c6 6. d3 Ne7 7. cxd5 cxd5 8. Nc3 0-0 9. Bg5 f6 10. Bd2 Be6 11. Qb3 Qd7 12. Na4 b6 13. Qa3 Nbc6 14. b4 Rae8 15. b5 Nd8 16. Bb4 Nf7 17. Nd2 f5 18. Rac1 f4 19. Rc2 Bf6 20. Rfc1 Rc8 1/2-1/2

[Event "Enez op"]
[Site "Enez"]
[Date "2018.??.??"]
[Round "4"]
[White "Bogdanov, Egor"]
[Black "Aliyev, Elnur Fakhraddin Og"]
[Result "1-0"]
[WhiteElo "2332"]
[BlackElo "2200"]
[PlyCount "133"]
[EventDate "2018.09.15"]
[EventType "swiss"]
[EventRounds "9"]
[EventCountry "TUR"]
[SourceTitle "EXT 2019"]
[Source "ChessBase"]
[SourceDate "2018.10.10"]
[SourceVersion "1"]
[SourceVersionDate "2018.10.10"]
[SourceQuality "1"]

1. e4 c5 2. Nf3 Nc6 3. d4 cxd4 4. Nxd4 e5 5. Nb5 d6 6. N1c3 a6 7. Na3 b5 8. Nd5 Nge7 9. c4 Nxd5 10. Qxd5 b4 11. Nc2 Bb7 12. Qd1 Be7 13. Be2 0-0 14. 0-0 a5 15. Ne3 Nd4 16. Nd5 Bg5 17. f4 Bxd5 18. exd5 Nxe2+ 19. Qxe2 Bxf4 20. Bxf4 exf4 21. Rxf4 Re8 22. Qf2 Qd7 23. Rf1 Re7 24. Qg3 Rae8 25. Rf6 Qa7+ 26. Kh1 Qd4 27. Rxd6 Qxc4 28. Qf3 Qxa2 29. Rc6 f6 30. d6 Rd7 31. b3 Qe2 32. Qd5+ Qe6 33. Qd3 Qe4 34. Qb5 Qe5 35. Qc4+ Kf8 36. Qd3 Qe4 37. Qb5 Qe5 38. Qd3 h6 39. h3 Re6 40. Rd1 Kf7 41. Qc4 Qe4 42. Rd4 Qe1+ 43. Kh2 Qe5+ 44. Kh1 Qe2 45. Rd3 Qe1+ 46. Kh2 Qe5+ 47. Kh1 Kg6 48. Rc7 Rdxd6 49. Rxd6 Qe1+ 50. Kh2 Qe5+ 51. Kh1 Rxd6 52. Qf7+ Kf5 53. Qh5+ g5 54. Rc1 Qe3 55. Rf1+ Ke5 56. Qe8+ Re6 57. Qb8+ Rd6 58. Rd1 Qb6 59. Qe8+ Re6 60. Re1+ Kd5 61. Qd7+ Rd6 62. Qf5+ Kd4 63. Qe4+ Kc3 64. Qc4+ Kb2 65. Re2+ Ka3 66. Qc1+ Kxb3 67. Qc2+ 1-0

[Event "Skopje U2200 op"]
[Site "Skopje"]
[Date "2017.12.08"]
[Round "2"]
[White "Aliyev, Elnur Fakhraddin Og"]
[Black "Risteski, Emil"]
[Result "1-0"]
[WhiteElo "2169"]
[BlackElo "1924"]
[PlyCount "42"]
[EventDate "2017.12.07"]
[EventType "swiss"]
[EventRounds "7"]
[EventCountry "MKD"]
[SourceTitle "CBM 182 Extra"]
[Source "ChessBase"]
[SourceDate "2018.02.23"]
[SourceVersion "1"]
[SourceVersionDate "2018.02.23"]
[SourceQuality "1"]

1. Nf3 Nf6 2. g3 g6 3. b3 Bg7 4. Bb2 0-0 5. Bg2 d6 6. d4 c5 7. 0-0 Nc6 8. d5 Nb4 9. c4 Rb8 10. Nbd2 b5 11. a3 Na6 12. Bc3 bxc4 13. bxc4 Nc7 14. e4 Ba6 15. Qc2 Na8 16. Rfe1 Nb6 17. e5 Ne8 18. e6 f5 19. Bxg7 Kxg7 20. Ng5 Nf6 21. Nf7 Qc7 1-0

[Event "Ordu op-B 3rd"]
[Site "Ordu"]
[Date "2017.04.08"]
[Round "5"]
[White "Aliyev, Elnur Fakhraddin Og"]
[Black "Kaplan, Bahadir"]
[Result "1-0"]
[WhiteElo "2161"]
[BlackElo "1957"]
[PlyCount "29"]
[EventDate "2017.04.06"]
[EventType "swiss"]
[EventRounds "7"]
[EventCountry "TUR"]
[SourceTitle "EXT 2018"]
[Source "ChessBase"]
[SourceDate "2017.10.13"]
[SourceVersion "1"]
[SourceVersionDate "2017.10.13"]
[SourceQuality "1"]

1. d4 Nf6 2. c4 a6 3. g3 e6 4. Bg2 d5 5. Nf3 Be7 6. 0-0 0-0 7. Nc3 dxc4 8. Ne5 c5 9. dxc5 Qc7 10. Nxc4 Bxc5 11. Bf4 Bxf2+ 12. Rxf2 Qxc4 13. Bd6 Bd7 14. Bxf8 Kxf8 15. Qd6+ 1-0

[Event "Ordu op-B 3rd"]
[Site "Ordu"]
[Date "2017.04.08"]
[Round "6"]
[White "Zubova, Mariya"]
[Black "Aliyev, Elnur Fakhraddin Og"]
[Result "1/2-1/2"]
[WhiteElo "2089"]
[BlackElo "2161"]
[PlyCount "165"]
[EventDate "2017.04.06"]
[EventType "swiss"]
[EventRounds "7"]
[EventCountry "TUR"]
[SourceTitle "EXT 2018"]
[Source "ChessBase"]
[SourceDate "2017.10.13"]
[SourceVersion "1"]
[SourceVersionDate "2017.10.13"]
[SourceQuality "1"]

1. e4 e5 2. Nf3 Nc6 3. Bb5 a6 4. Ba4 Nf6 5. d3 d6 6. c3 Be7 7. 0-0 0-0 8. Re1 Nd7 9. d4 Bf6 10. Be3 exd4 11. cxd4 b5 12. Bc2 Nb4 13. Bb3 c5 14. a3 Nc6 15. Bd5 Bb7 16. Nc3 Na5 17. Bxb7 Nxb7 18. Nd5 Nb6 19. Nxf6+ Qxf6 20. e5 Qg6 21. exd6 c4 22. Bf4 Nxd6 23. Nh4 Qf6 24. Qg4 h5 25. Qg3 Nf5 26. Nxf5 Qxf5 27. Re5 Qg4 28. Qxg4 hxg4 29. Rg5 Na4 30. Rb1 Rad8 31. Rxg4 Rxd4 32. Rxg7+ Kxg7 33. Be5+ Kg6 34. Bxd4 Rd8 35. Be3 Nxb2 36. g4 Rd1+ 37. Rxd1 Nxd1 38. Bc1 a5 39. Kf1 c3 40. Ke2 Nb2 41. Ke3 b4 42. axb4 axb4 43. Kd4 Nd1 44. Kc4 Nxf2 45. g5 c2 46. Bd2 Ne4 47. Be3 Nxg5 48. Kxb4 Nf3 49. Kc3 Kf5 50. Kxc2 Ke4 51. Bb6 Nxh2 52. Kd2 Kf3 53. Kd3 Nf1 54. Kd4 f5 55. Bc7 Ne3 56. Bb8 Nc2+ 57. Kc3 Ne1 58. Bc7 Ke4 59. Kd2 Nd3 60. Bb8 Nf4 61. Ke1 Nd3+ 62. Ke2 Nb4 63. Kf2 Nc6 64. Bc7 Ne7 65. Ke2 Nd5 66. Bb8 Nf6 67. Bc7 Kd5 68. Kf3 Ke6 69. Bb8 Nd5 70. Kf2 Kf6 71. Kf3 Ne7 72. Bc7 Nc6 73. Kf4 Nb4 74. Kf3 Ke6 75. Bb8 Na6 76. Bh2 Nc5 77. Bb8 Nd7 78. Bc7 Ne5+ 79. Bxe5 Kxe5 80. Ke3 f4+ 81. Kf3 Kf5 82. Kf2 f3 83. Kxf3 1/2-1/2